How to develop with authority (Record no. 72352)
[ view plain ]
| 000 -LEADER | |
|---|---|
| fixed length control field | 01484cam a2200265 4500 |
| 001 - CONTROL NUMBER | |
| control field | ABS66510 |
| 008 - FIXED-LENGTH DATA ELEMENTS--GENERAL INFORMATION | |
| fixed length control field | 030326n2003 000 0 eng u |
| 035 ## - SYSTEM CONTROL NUMBER | |
| System control number | (Sirsi) u121739 |
| 100 ## - MAIN ENTRY--PERSONAL NAME | |
| Personal name | Cooper, N. |
| 245 ## - TITLE STATEMENT | |
| Title | How to develop with authority |
| 260 ## - PUBLICATION, DISTRIBUTION, ETC. | |
| Date of publication, distribution, etc. | 2003 |
| 490 ## - SERIES STATEMENT | |
| Series statement | Estates Gazette |
| Volume/sequential designation | (0311) 8 March 2003, 144-145(2) |
| 520 ## - SUMMARY, ETC. | |
| Summary, etc. | In the light of increased mixed-use development in town centres, considers the relationship between local authorities and developers. Highlights the difference between a local authority's role as landowner and planning authority and emphasises the need to identify whether the property transaction is an outright disposal or a joint venture. Discusses requirements relating to local authority land disposal under the Local Government Act 1972 s123 and looks at compliance with European legislation, advertising in the "Official Journal" and the letting of a public works contract. Expands on the three forms of public works contracts and the contracting procedure. Concludes that successful joint ventures require the mutual understanding of public and private sector needs and responsibilities. |
| 590 ## - LOCAL NOTE (RLIN) | |
| Local note | ABS |
| 650 ## - SUBJECT ADDED ENTRY--TOPICAL TERM | |
| Topical term or geographic name entry element | LOCAL AUTHORITIES |
| 650 ## - SUBJECT ADDED ENTRY--TOPICAL TERM | |
| Topical term or geographic name entry element | DEVELOPERS |
| 650 ## - SUBJECT ADDED ENTRY--TOPICAL TERM | |
| Topical term or geographic name entry element | JOINT VENTURES |
| 650 ## - SUBJECT ADDED ENTRY--TOPICAL TERM | |
| Topical term or geographic name entry element | LOCAL GOVERNMENT ACT 1972 S123 |
| 650 ## - SUBJECT ADDED ENTRY--TOPICAL TERM | |
| Topical term or geographic name entry element | LAND TRANSACTIONS |
| 650 ## - SUBJECT ADDED ENTRY--TOPICAL TERM | |
| Topical term or geographic name entry element | PUBLIC WORKS CONTRACTS |
| 650 ## - SUBJECT ADDED ENTRY--TOPICAL TERM | |
| Topical term or geographic name entry element | LAND DISPOSAL |
| 690 ## - LOCAL SUBJECT ADDED ENTRY--TOPICAL TERM (OCLC, RLIN) | |
| Topical term or geographic name as entry element | PROPERTY-PROPERTY DEVELOPMENT |
| 700 ## - ADDED ENTRY--PERSONAL NAME | |
| Personal name | Knott, C. |
| 942 ## - ADDED ENTRY ELEMENTS (KOHA) | |
| Suppress in OPAC | 0 |
| Withdrawn status | Lost status | Source of classification or shelving scheme | Damaged status | Not for loan | Home library | Current library | Shelving location | Date acquired | Total Checkouts | Full call number | Barcode | Date last seen | Copy number | Price effective from | Koha item type |
|---|---|---|---|---|---|---|---|---|---|---|---|---|---|---|---|
| Dewey Decimal Classification | London | London | Journal article | 26/03/2003 | ABS66510 | 121739-1001 | 06/08/2019 | 1 | 06/08/2019 | Journal article |